Países y territorios del mundo - Estadísticas

Estadísticas generales
  • Esta prueba ha sido intentada 1.574 veces
    502 desde el último reinicio
  • La puntuación promedio es 164 de 271
Estadísticas de respuestas
Respuesta % Correcto
España
84%
Estados Unidos
84%
Argentina
83%
Alemania
82%
Albania
80%
Afganistán
79%
Andorra
79%
Colombia
79%
Australia
78%
Austria
78%
Brasil
78%
Canadá
78%
Rusia
78%
Chile
77%
Francia
77%
Argelia
76%
China
76%
Armenia
75%
Azerbayán
75%
Belice
75%
Guyana
75%
México
75%
Angola
74%
Arabia Saudí
74%
Bolivia
74%
Ciudad del Vaticano
74%
Ecuador
74%
El Salvador
74%
Finlandia
74%
Noruega
74%
Portugal
74%
Suecia
74%
Uruguay
74%
Bélgica
73%
Corea del Norte
73%
Corea del Sur
73%
Costa Rica
73%
Dominica
73%
Eslovaquia
73%
Estonia
73%
Honduras
73%
Japón
73%
Letonia
73%
Países Bajos
73%
Paraguay
73%
Reino Unido
73%
Venezuela
73%
Chipre
72%
Dinamarca
72%
Eslovenia
72%
Italia
72%
Lituania
72%
Mónaco
72%
Panamá
72%
San Marino
72%
Suiza
72%
Yemen
72%
Antigua y Barbuda
71%
Bahamas
71%
Barbados
71%
Croacia
71%
Irak
71%
Jamaica
71%
Luxemburgo
71%
República del Congo
71%
República Democrática del Congo
71%
Santa Lucía
71%
Serbia
71%
Surinam
71%
Ucrania
71%
Zimbabue
71%
Bosnia-Herzegovina
70%
Cuba
70%
Egipto
70%
Guinea
70%
Hungría
70%
Irán
70%
Irlanda
70%
Kenia
70%
Kosovo
70%
Macedonia del Norte
70%
Marruecos
70%
República Checa
70%
Rumanía
70%
Zambia
70%
Bulgaria
69%
Bután
69%
Chad
69%
Grecia
69%
Haití
69%
India
69%
Jordania
69%
Montenegro
69%
Perú
69%
Birmania
68%
Brunéi
68%
Georgia
68%
Ghana
68%
Guatemala
68%
Guinea Bisáu
68%
Guinea Ecuatorial
68%
Islandia
68%
Libia
68%
Moldavia
68%
Nueva Zelanda
68%
Omán
68%
San Cristóbal y Nieves
68%
San Vicente y las Granadinas
68%
Taiwán
68%
Baréin
67%
Botsuana
67%
Catar
67%
Costa de Marfil
67%
Israel
67%
Lesoto
67%
Nicaragua
67%
Samoa
67%
Sudáfrica
67%
Sudán
67%
Trinidad y Tobago
67%
Turquía
67%
Bangladés
66%
Bielorrusia
66%
Emiratos Árabes Unidos
66%
Indonesia
66%
Kazajistán
66%
Kirguizistán
66%
Kuwait
66%
Laos
66%
Líbano
66%
Liberia
66%
Madagascar
66%
Maldivas
66%
Namibia
66%
Níger
66%
Polonia
66%
República Dominicana
66%
Sudán del Sur
66%
Burundi
65%
Camerún
65%
Etiopía
65%
Fiyi
65%
Gambia
65%
Islas Marshall
65%
Kiribati
65%
Malta
65%
Micronesia
65%
Nigeria
65%
Puerto Rico
65%
Siria
65%
Comoras
64%
Liechtenstein
64%
Mauritania
64%
Mongolia
64%
Senegal
64%
Somalia
64%
Tailandia
64%
Togo
64%
Uzbekistán
64%
Vietnam
64%
Benín
63%
Camboya
63%
Eritrea
63%
Islas Salomón
63%
República Centroafricana
63%
Sierra Leona
63%
Sri Lanka
63%
Turkmenistán
63%
Vanuatu
63%
Yibuti
63%
Cabo Verde
62%
Granada
62%
Malí
62%
Mauricio
62%
Nauru
62%
Nepal
62%
Pakistán
62%
Santo Tomé y Príncipe
62%
Tonga
62%
Tuvalu
62%
Esuatini
61%
Filipinas
61%
Mozambique
61%
Papúa Nueva Guinea
61%
Gabón
60%
Tayikistán
60%
Timor Oriental
60%
Túnez
60%
Uganda
60%
Burkina Faso
59%
Malasia
59%
Palestina
59%
Ruanda
59%
Groenlandia
58%
Islas Malvinas
58%
Malaui
58%
Seychelles
58%
Tanzania
58%
Aruba
57%
Palau
57%
Singapur
57%
Gibraltar
56%
Hong Kong
56%
Islas Vírgenes Británicas
55%
Curazao
54%
Guayana Francesa
54%
Islas Feroe
54%
Sahara Occidental
52%
Isla de Man
51%
Islas Caimán
51%
Anguila
50%
Bermudas
50%
Guam
50%
Isla de Navidad
50%
Macao
49%
San Martín
49%
Chipre del Norte
48%
Guadalupe
48%
Islas Vírgenes Americanas
48%
Reunión
47%
Samoa Americana
47%
San Martín
47%
Islas Cook
46%
Islas Turcas y Caicos
46%
Martinica
46%
Niue
45%
Polinesia Francesa
45%
Nueva Caledonia
44%
Santa Elena, Ascensión y Tristán de Acuña
44%
Jersey
43%
Mayotte
43%
Montserrat
43%
Islas Cocos
42%
San Bartolomé
42%
Bonaire
41%
Guernsey
41%
Islas Marianas del Norte
41%
San Pedro y Miquelón
41%
Transnistria
41%
Wallis y Futuna
41%
Svalbard
40%
Tokelau
40%
Isla Norfolk
39%
Abjasia
37%
Dependencia Ross
34%
Osetia del Sur
34%
Territorio Antártico Australiano
34%
Antártida
33%
Territorio Antártico Británico
33%
Tierra de la Reina Maud
33%
Tierras Australes y Antárticas Francesas
33%
San Eustaquio
31%
Islas Pitcairn
29%
Saba
29%
Islas Georgias del Sur y Sandwich del Sur
25%
Territorio Británico del Océano Índico
25%
Islas Midway
24%
Clipperton
23%
Islas del Mar de Coral
22%
Islas Heard y McDonald
22%
Atolón Johnston
21%
Isla de Navaza
21%
Islas Ashmore y Cartier
21%
Akrotiri y Dhekelia
20%
Atolón Palmyra
20%
Isla Bouvet
20%
Isla Wake
20%
Jan Mayen
20%
Arrecife Kingman
19%
Isla Baker
19%
Isla Howland
17%
No se encontraron pruebas coincidentes
Distribución de puntuación
Porcentaje de gente con cada puntuación
Porcentaje por número respondido
Historial de tus puntuaciones
No has intentado esta prueba desde el último reinicio